000
00285nam a22001337a 4500
008
171227b xxu||||| |||| 00| 0 eng d
020
_a
9780132454469
041
_a
eng
080
_a
004
100
_a
30
101
_a
SHK
245
_a
GO OFFICE 2010
_c
FERRETT.G
942
_2
udc
_c
BK
999
_c
39462
_d
39462